LES 10 MEILLEURS BUTEURS DU FOOTBALL ALL TIME. - Statistiques

Statistiques générales
  • Ce quiz a été pris 859 fois
  • Le résultat moyen est 4 sur 10
Statistiques - réponses
RANG NOM BUTS % Correct
1 CRISTIANO RONALDO 895
100%
2 LIONEL MESSI 837
100%
3 PELE 762
88%
8 GERD MULLER 634
35%
5 FERENC PUSKAS 729
34%
9 EUSEBIO 619
19%
4 ROMARIO 755
19%
6 JOSEF BICAN 720
12%
7 JIMMY JONES 647
1%
10 JOE BAMBRICK 616
1%
Aucun quiz correspondant
Distribution des résultats
% des personnes avec chaque résultat
Percentile par nombre de réponses
Votre historique - résultats
Vous n’avez pas pris ce quiz